[Event "Stay Safe Play From Home 263"]
[Site "Emanuel Lasker Arena"]
[Date "2020.06.29"]
[Round "1"]
[White "Uber_WING"]
[Black "Weltszmerc"]
[Result "1-0"]
[WhiteElo "2479"]
[BlackElo "2124"]
[PlyCount "69"]
[EventDate "2020.06.29"]
[EventType "swiss (blitz)"]

1. e4 {[%emt 0:00:00]} Nf6 {[%emt 0:00:00]} 2. Nc3 {[%emt 0:00:01]} d5 {[%emt 0:00:01]} 3. e5 {[%emt 0:00:01]} Nfd7 {[%emt 0:00:01]} 4. f4 {[%emt 0:00:01]} e6 {[%emt 0:00:00]} 5. Nf3 {[%emt 0:00:01]} c5 {[%emt 0:00:00]} 6. d3 {[%emt 0:00:00]} Nc6 {[%emt 0:00:01]} 7. g3 {[%emt 0:00:00]} Be7 {[%emt 0:00:00]} 8. Bg2 {[%emt 0:00:01]} O-O {[%emt 0:00:00]} 9. O-O {[%emt 0:00:01]} f5 {[%emt 0:00:00]} 10. exf6 {[%emt 0:00:00]} Bxf6 {[%emt 0:00:01]} 11. h3 {[%emt 0:00:00]} Nd4 {[%emt 0:00:02]} 12. g4 {[%emt 0:00:01]} Nxf3+ {[%emt 0:00:01]} 13. Qxf3 {[%emt 0:00:00]} a6 {[%emt 0:00:01]} 14. Kh1 {[%emt 0:00:01]} b5 {[%emt 0:00:02]} 15. a3 {[%emt 0:00:00]} Bb7 {[%emt 0:00:02]} 16. Qe2 {[%emt 0:00:01]} Re8 {[%emt 0:00:02]} 17. Bd2 {[%emt 0:00:01]} Qc7 {[%emt 0:00:04]} 18. Qf2 {[%emt 0:00:01]} b4 {[%emt 0:00:03]} 19. axb4 {[%emt 0:00:01]} cxb4 {[%emt 0:00:00]} 20. Na4 {[%emt 0:00:02]} Qxc2 {[%emt 0:00:01]} 21. Rfc1 {[%emt 0:00:08]} Qxd3 {[%emt 0:00:01]} 22. Rc7 {[%emt 0:00:01]} Bd4 {[%emt 0:00:05]} 23. Qe1 {[%emt 0:00:10]} e5 {[%emt 0:00:03]} 24. f5 {[%emt 0:00:07]} Nf6 {[%emt 0:00:08]} 25. Rxb7 {[%emt 0:00:01]} Ne4 {[%emt 0:00:01]} 26. Bxb4 {[%emt 0:00:04]} Ng3+ {[%emt 0:00:04]} 27. Kh2 {[%emt 0:00:02]} e4 {[%emt 0:00:00]} 28. Rd1 {[%emt 0:00:02]} Qxd1 {[%emt 0:00:10]} 29. Qxd1 {[%emt 0:00:01]} Be5 {[%emt 0:00:00]} 30. Bc3 {[%emt 0:00:01]} d4 {[%emt 0:00:01]} 31. Bxd4 {[%emt 0:00:01]} Rad8 {[%emt 0:00:02]} 32. Qb3+ {[%emt 0:00:01]} Kh8 {[%emt 0:00:00]} 33. Bxe5 {[%emt 0:00:00]} Nf1+ {[%emt 0:00:01]} 34. Bxf1 {[%emt 0:00:01]} Rxe5 {[%emt 0:00:00]} 35. Qf7 {[%emt 0:00:00] Czas partii (Lag: Av=0.99s, max=1.4s)} 1-0

[Event "Stay Safe Play From Home 263"]
[Site "Emanuel Lasker Arena"]
[Date "2020.06.29"]
[Round "1"]
[White "Mepe_Nika"]
[Black "Fischer_11"]
[Result "1-0"]
[WhiteElo "2423"]
[BlackElo "1907"]
[Annotator "NA"]
[PlyCount "119"]
[EventDate "2020.06.29"]
[EventType "swiss (blitz)"]

1. g3 {[%emt 0:00:01]} c6 {[%emt 0:00:05]} 2. Bg2 {[%emt 0:00:00]} d5 {[%emt 0:00:01]} 3. d3 {[%emt 0:00:00]} e5 {[%emt 0:00:01]} 4. Nc3 {[%emt 0:00:01]} Nf6 {[%emt 0:00:01]} 5. e4 {[%emt 0:00:00]} Be6 {[%emt 0:00:02]} 6. Bg5 {[%emt 0:00:01]} dxe4 {[%emt 0:00:01]} 7. Nxe4 {[%emt 0:00:01]} Be7 {[%emt 0:00:01]} 8. Bxf6 {[%emt 0:00:01]} Bxf6 {[%emt 0:00:00]} 9. Nxf6+ {[%emt 0:00:01]} Qxf6 {[%emt 0:00:00]} 10. Ne2 {[%emt 0:00:01]} Nd7 {[%emt 0:00:00]} 11. O-O {[%emt 0:00:01]} Bd5 {[%emt 0:00:01]} 12. f4 {[%emt 0:00:02]} Bxg2 {[%emt 0:00:02]} 13. Kxg2 {[%emt 0:00:00]} O-O {[%emt 0:00:02]} 14. Qd2 {[%emt 0:00:02]} exf4 {[%emt 0:00:02]} 15. Nxf4 {[%emt 0:00:01]} Qd4 {[%emt 0:00:01]} 16. c3 {[%emt 0:00:02]} Qd6 {[%emt 0:00:03]} 17. d4 {[%emt 0:00:01]} Nb6 {[%emt 0:00:02]} 18. Rae1 {[%emt 0:00:01]} Rfe8 {[%emt 0:00:01]} 19. Rxe8+ {[%emt 0:00:02]} Rxe8 {[%emt 0:00:00]} 20. Re1 {[%emt 0:00:00]} Rxe1 {[%emt 0:00:02]} 21. Qxe1 {[%emt 0:00:00]} g6 {[%emt 0:00:02]} 22. Qe8+ {[%emt 0:00:02]} Kg7 {[%emt 0:00:00]} 23. b3 {[%emt 0:00:01]} Nd5 {[%emt 0:00:01]} 24. Nxd5 {[%emt 0:00:06]} Qxd5+ {[%emt 0:00:00]} 25. Kg1 {[%emt 0:00:03]} Qf3 {[%emt 0:00:02]} 26. Qe5+ {[%emt 0:00:01]} Kh6 {[%emt 0:00:02]} 27. Qe1 {[%emt 0:00:03]} f5 {[%emt 0:00:04]} 28. a4 {[%emt 0:00:01]} Qd3 {[%emt 0:00:02]} 29. Kg2 {[%emt 0:00:02]} Qc2+ {[%emt 0:00:01]} 30. Kf3 {[%emt 0:00:02]} Qxb3 {[%emt 0:00:01]} 31. Qe3+ {[%emt 0:00:00]} Kg7 {[%emt 0:00:01]} 32. a5 {[%emt 0:00:01]} Qd5+ {[%emt 0:00:02]} 33. Kf2 {[%emt 0:00:00]} Qxa5 {[%emt 0:00:01]} 34. Qe7+ {[%emt 0:00:00]} Kh6 {[%emt 0:00:00]} 35. Qe3+ {[%emt 0:00:01]} Kg7 {[%emt 0:00:02]} 36. Qe7+ {[%emt 0:00:01]} Kh6 {[%emt 0:00:00]} 37. Qxb7 {[%emt 0:00:01]} Qxc3 {[%emt 0:00:01]} 38. Qxa7 {[%emt 0:00:01]} Qc4 {[%emt 0:00:03]} 39. Qa1 {[%emt 0:00:02]} Qd5 {[%emt 0:00:00]} 40. Qc1+ {[%emt 0:00:01]} g5 {[%emt 0:00:01]} 41. Qe3 {[%emt 0:00:01]} Kg6 {[%emt 0:00:00]} 42. Qe8+ {[%emt 0:00:01]} Kh6 {[%emt 0:00:01]} 43. Qh8 {[%emt 0:00:01]} Kg6 {[%emt 0:00:01]} 44. Qe8+ {[%emt 0:00:01]} Kh6 {[%emt 0:00:00]} 45. Qe3 {[%emt 0:00:00]} Kg7 {[%emt 0:00:00]} 46. Qxg5+ {[%emt 0:00:02]} Kf7 {[%emt 0:00:01]} 47. Qf4 {[%emt 0:00:00]} Ke7 {[%emt 0:00:00]} 48. Qe3+ {[%emt 0:00:01]} Kd6 {[%emt 0:00:00]} 49. h4 {[%emt 0:00:01]} Kc7 {[%emt 0:00:00]} 50. Qe2 {[%emt 0:00:00]} Qd6 {[%emt 0:00:00]} 51. Qe3 {[%emt 0:00:01]} Qd5 {[%emt 0:00:00]} 52. Qf4+ {[%emt 0:00:00]} Kb6 {[%emt 0:00:01]} 53. Qf3 {[%emt 0:00:00]} Qxd4+ {[%emt 0:00:00]} 54. Qe3 {[%emt 0:00:00]} Qc5 {[%emt 0:00:00]} 55. Qxc5+ {[%emt 0:00:02]} Kxc5 {[%emt 0:00:00]} 56. g4 {[%emt 0:00:00]} Kb4 {[%emt 0:00:00]} 57. gxf5 {[%emt 0:00:00]} c5 {[%emt 0:00:00]} 58. f6 {[%emt 0:00:00]} c4 {[%emt 0:00:00]} 59. f7 {[%emt 0:00:00]} c3 {[%emt 0:00:00]} 60. f8=Q+ {[%emt 0:00:00] Zeit (Lag: Av=0.36s, max=0.7s)} 1-0

[Event "Stay Safe Play From Home 263"]
[Site "Emanuel Lasker Arena"]
[Date "2020.06.29"]
[Round "1"]
[White "Tolka"]
[Black "Souchov"]
[Result "1-0"]
[WhiteElo "2289"]
[BlackElo "2014"]
[Annotator "TA"]
[PlyCount "65"]
[EventDate "2020.06.29"]
[EventType "swiss (blitz)"]

{[%evp 13,64,0,0,0,18,37,32,16,10,0,0,0,58,-31,60,52,75,71,158,0,200,131,138,131,1523,1509,1755,1718,1725,1686,2272,2180,29979,29979,8022,7151,29987,29988,29989,29990,29990,29991,29991,29992,29993,29994,29995,29996,29996,29997,29998,29999,29999]} 1. e4 c5 2. Nc3 Nc6 3. Bb5 g6 4. Nf3 Bg7 5. O-O Nf6 6. Bxc6 bxc6 7. d3 O-O 8. e5 {B31: Sicilian: 2...Nc6 3 Bb5 g6.} Ne8 9. Re1 Nc7 10. Bg5 {White is slightly better.} Ne6 {[#]} 11. Qd2 $146 ({Predecessor:} 11. Bh4 Re8 12. Ng5 Nd4 13. f4 Rb8 14. Rb1 Nf5 15. Bf2 d6 16. Nf3 {½-½ (16) Jurcik,M (2494)-Polak,T (2525) Czech Republic 2016}) 11... Nxg5 12. Qxg5 d5 (12... Rb8 $11) 13. Qh4 (13. Na4 $14) 13... h6 (13... Rb8 $15) 14. Na4 $36 {[%mdl 2048] White has some pressure.} Qa5 {...g5 is the strong threat.} 15. b3 Be6 ({Black should play} 15... Re8) 16. c4 $2 (16. Qxe7 $16 c4 17. Qc5) 16... d4 $2 (16... g5 $11 {and Black has nothing to worry.} 17. Qg3 dxc4 18. dxc4 Rad8) 17. Qf4 g5 18. Qd2 Bf5 $2 {[%mdl 8192] Black cannot hold the game after this.} (18... Qxd2 $16 19. Nxd2 Bf5) 19. Qxa5 $18 Rab8 20. Nxc5 {[%cal Ba4c5,Bc5d7,Bd7b8,Bb8c6,Bc6e7][%mdl 32]} Rfc8 21. Qxa7 Kf8 22. e6 f6 23. Nd7+ {[%mdl 64] [#] Double Attack} Kg8 24. Nxb8 {[%mdl 64] Discovered Attack} Rf8 25. Nxc6 {White mates.} Bxd3 26. Nxe7+ Kh7 27. Rad1 {[%cal Ba1d1,Bd1d4,Bd4d7,Bd7g7][%mdl 32]} Bc2 28. Rxd4 Bg6 29. Rd7 g4 30. Nxg6 {[%mdl 64] [#] Discovered Attack} Kxg6 31. Rxg7+ Kf5 32. Nh4+ Kf4 33. g3# {Accuracy: White = 61%, Black = 41%.} 1-0

[Event "Stay Safe Play From Home 263"]
[Site "Emanuel Lasker Arena"]
[Date "2020.06.29"]
[Round "1"]
[White "Praveen prasad"]
[Black "Edmatuag"]
[Result "1-0"]
[WhiteElo "2260"]
[BlackElo "1700"]
[PlyCount "85"]
[EventDate "2020.06.29"]
[EventType "swiss (blitz)"]

1. e4 {[%emt 0:00:01]} c6 {[%emt 0:00:01]} 2. Nf3 {[%emt 0:00:00]} d6 {[%emt 0:00:01]} 3. c3 {[%emt 0:00:00]} Nd7 {[%emt 0:00:01]} 4. d4 {[%emt 0:00:00]} e6 {[%emt 0:00:03]} 5. Bd3 {[%emt 0:00:00]} Ngf6 {[%emt 0:00:01]} 6. O-O {[%emt 0:00:00]} c5 {[%emt 0:00:01]} 7. Re1 {[%emt 0:00:01]} cxd4 {[%emt 0:00:01]} 8. cxd4 {[%emt 0:00:00]} Be7 {[%emt 0:00:01]} 9. Nc3 {[%emt 0:00:00]} Qc7 {[%emt 0:00:01]} 10. e5 {[%emt 0:00:01]} dxe5 {[%emt 0:00:02]} 11. dxe5 {[%emt 0:00:00]} Nd5 {[%emt 0:00:01]} 12. Nxd5 {[%emt 0:00:01]} exd5 {[%emt 0:00:01]} 13. Bg5 {[%emt 0:00:01]} Nb6 {[%emt 0:00:02]} 14. Rc1 {[%emt 0:00:03]} Qd7 {[%emt 0:00:02]} 15. Qe2 {[%emt 0:00:03]} O-O {[%emt 0:00:02]} 16. Bb5 {[%emt 0:00:03]} Qd8 {[%emt 0:00:08]} 17. h4 {[%emt 0:00:02]} h6 {[%emt 0:00:02]} 18. Bxe7 {[%emt 0:00:01]} Qxe7 {[%emt 0:00:00]} 19. Bd3 {[%emt 0:00:01]} Bg4 {[%emt 0:00:02]} 20. Qe3 {[%emt 0:00:01]} Kh8 {[%emt 0:00:01]} 21. g3 {[%emt 0:00:01]} Nc4 {[%emt 0:00:03]} 22. Bxc4 {[%emt 0:00:01]} dxc4 {[%emt 0:00:00]} 23. Nh2 {[%emt 0:00:02]} Be6 {[%emt 0:00:02]} 24. Qf4 {[%emt 0:00:05]} g5 {[%emt 0:00:03]} 25. hxg5 {[%emt 0:00:02]} Qxg5 {[%emt 0:00:00]} 26. Qxg5 {[%emt 0:00:02]} hxg5 {[%emt 0:00:00]} 27. Nf3 {[%emt 0:00:00]} g4 {[%emt 0:00:03]} 28. Ng5 {[%emt 0:00:02]} Kg7 {[%emt 0:00:01]} 29. Nxe6+ {[%emt 0:00:01]} fxe6 {[%emt 0:00:01]} 30. Rxc4 {[%emt 0:00:00]} Rac8 {[%emt 0:00:01]} 31. Rxg4+ {[%emt 0:00:01]} Kh6 {[%emt 0:00:02]} 32. Kg2 {[%emt 0:00:01]} Rf5 {[%emt 0:00:02]} 33. Rh1+ {[%emt 0:00:02]} Rh5 {[%emt 0:00:01]} 34. Rxh5+ {[%emt 0:00:02]} Kxh5 {[%emt 0:00:00]} 35. Rg7 {[%emt 0:00:00]} Rc2 {[%emt 0:00:02]} 36. Rxb7 {[%emt 0:00:01]} Re2 {[%emt 0:00:00]} 37. Rxa7 {[%emt 0:00:02]} Rxe5 {[%emt 0:00:01]} 38. b4 {[%emt 0:00:02]} Kg6 {[%emt 0:00:01]} 39. a4 {[%emt 0:00:01]} Re4 {[%emt 0:00:01]} 40. b5 {[%emt 0:00:01]} Rb4 {[%emt 0:00:01]} 41. Ra6 {[%emt 0:00:00]} Kf6 {[%emt 0:00:01]} 42. b6 {[%emt 0:00:00]} Ke7 {[%emt 0:00:01]} 43. a5 {[%emt 0:00:00] Time (Lag: Av=0.69s, max=1.2s)} 1-0

[Event "Stay Safe Play From Home 263"]
[Site "Emanuel Lasker Arena"]
[Date "2020.06.29"]
[Round "1"]
[White "Lamborghini"]
[Black "Bishop91"]
[Result "1-0"]
[WhiteElo "2213"]
[BlackElo "1717"]
[Annotator "NA"]
[PlyCount "73"]
[EventDate "2020.06.29"]
[EventType "swiss (blitz)"]

1. e4 {[%emt 0:00:14]} e6 {[%emt 0:00:00]} 2. d4 {[%emt 0:00:02]} c5 {[%emt 0:00:00]} 3. Nc3 {[%emt 0:00:01]} cxd4 {[%emt 0:00:01]} 4. Qxd4 {[%emt 0:00:00]} Nc6 {[%emt 0:00:02]} 5. Qe3 {[%emt 0:00:00]} Nf6 {[%emt 0:00:01]} 6. Bd2 {[%emt 0:00:01]} Be7 {[%emt 0:00:00]} 7. O-O-O {[%emt 0:00:01]} O-O {[%emt 0:00:00]} 8. f4 {[%emt 0:00:00]} Qc7 {[%emt 0:00:00]} 9. e5 {[%emt 0:00:01]} Ne8 {[%emt 0:00:02]} 10. h4 {[%emt 0:00:02]} a6 {[%emt 0:00:02]} 11. h5 {[%emt 0:00:01]} d5 {[%emt 0:00:04]} 12. Nf3 {[%emt 0:00:02]} h6 {[%emt 0:00:02]} 13. Bd3 {[%emt 0:00:01]} b5 {[%emt 0:00:05]} 14. g4 {[%emt 0:00:01]} Bb7 {[%emt 0:00:01]} 15. Ne2 {[%emt 0:00:01]} f6 {[%emt 0:00:06]} 16. exf6 {[%emt 0:00:01]} Rxf6 {[%emt 0:00:01]} 17. g5 {[%emt 0:00:01]} hxg5 {[%emt 0:00:02]} 18. fxg5 {[%emt 0:00:01]} Rxf3 {[%emt 0:00:03]} 19. Qxf3 {[%emt 0:00:02]} Ne5 {[%emt 0:00:01]} 20. Qg3 {[%emt 0:00:02]} Nxd3+ {[%emt 0:00:01]} 21. Qxd3 {[%emt 0:00:01]} Qg3 {[%emt 0:00:00]} 22. Qxg3 {[%emt 0:00:01]} Bd6 {[%emt 0:00:00]} 23. Qh4 {[%emt 0:00:01]} Be5 {[%emt 0:00:02]} 24. Bc3 {[%emt 0:00:01]} Bxc3 {[%emt 0:00:01]} 25. Nxc3 {[%emt 0:00:01]} Nd6 {[%emt 0:00:00]} 26. h6 {[%emt 0:00:01]} Nf5 {[%emt 0:00:00]} 27. Qh5 {[%emt 0:00:02]} Rf8 {[%emt 0:00:04]} 28. hxg7 {[%emt 0:00:01]} Nxg7 {[%emt 0:00:02]} 29. Qh7+ {[%emt 0:00:01]} Kf7 {[%emt 0:00:00]} 30. Rhf1+ {[%emt 0:00:01]} Ke8 {[%emt 0:00:01]} 31. Rxf8+ {[%emt 0:00:00]} Kxf8 {[%emt 0:00:01]} 32. Rf1+ {[%emt 0:00:00]} Ke7 {[%emt 0:00:01]} 33. Rf6 {[%emt 0:00:02]} Kd6 {[%emt 0:00:00]} 34. Qxg7 {[%emt 0:00:01]} Ke5 {[%emt 0:00:00]} 35. Qf8 {[%emt 0:00:00]} Kd4 {[%emt 0:00:02]} 36. Rf2 {[%emt 0:00:00]} Ke5 {[%emt 0:00:01]} 37. Qf4# {[%emt 0:00:02] (Lag: Av=0.37s, max=1.2s)} 1-0

[Event "Stay Safe Play From Home 263"]
[Site "Emanuel Lasker Arena"]
[Date "2020.06.29"]
[Round "1"]
[White "Bardellosport"]
[Black "Broken sword"]
[Result "0-1"]
[WhiteElo "2008"]
[BlackElo "2451"]
[PlyCount "50"]
[EventDate "2020.06.29"]
[EventType "swiss (blitz)"]

1. Nf3 {[%emt 0:00:01]} d5 {[%emt 0:00:01]} 2. g3 {[%emt 0:00:00]} Nf6 {[%emt 0:00:01]} 3. Bg2 {[%emt 0:00:00]} c6 {[%emt 0:00:00]} 4. b3 {[%emt 0:00:00]} Bf5 {[%emt 0:00:00]} 5. Bb2 {[%emt 0:00:01]} Nbd7 {[%emt 0:00:00]} 6. d3 {[%emt 0:00:00]} h6 {[%emt 0:00:00]} 7. Nbd2 {[%emt 0:00:01]} e6 {[%emt 0:00:00]} 8. O-O {[%emt 0:00:00]} Be7 {[%emt 0:00:00]} 9. Qe1 {[%emt 0:00:00]} Bh7 {[%emt 0:00:00]} 10. e4 {[%emt 0:00:00]} O-O {[%emt 0:00:00]} 11. exd5 {[%emt 0:00:01]} exd5 {[%emt 0:00:01]} 12. Ne5 {[%emt 0:00:01]} Re8 {[%emt 0:00:01]} 13. Nxd7 {[%emt 0:00:02]} Qxd7 {[%emt 0:00:00]} 14. Qd1 {[%emt 0:00:01]} Bf5 {[%emt 0:00:01]} 15. f4 {[%emt 0:00:01]} Bh3 {[%emt 0:00:01]} 16. Nf3 {[%emt 0:00:01]} Bg4 {[%emt 0:00:01]} 17. Qd2 {[%emt 0:00:02]} Bc5+ {[%emt 0:00:01]} 18. d4 {[%emt 0:00:02]} Bd6 {[%emt 0:00:01]} 19. Ne5 {[%emt 0:00:01]} Qc8 {[%emt 0:00:01]} 20. c4 {[%emt 0:00:01]} Bh3 {[%emt 0:00:01]} 21. cxd5 {[%emt 0:00:01]} Nxd5 {[%emt 0:00:02]} 22. Rac1 {[%emt 0:00:02]} Bxg2 {[%emt 0:00:00]} 23. Kxg2 {[%emt 0:00:04]} f6 {[%emt 0:00:01]} 24. Ng6 {[%emt 0:00:01]} Qg4 {[%emt 0:00:01]} 25. Nh4 {[%emt 0:00:02]} Re2+ {[%emt 0:00:04] Bardellosport abbandona (Lag: Av=0.24s, max=0.6s)} 0-1

[Event "Stay Safe Play From Home 263"]
[Site "Emanuel Lasker Arena"]
[Date "2020.06.29"]
[Round "1"]
[White "NeatFox"]
[Black "Lazieri3"]
[Result "0-1"]
[WhiteElo "1861"]
[BlackElo "2093"]
[Annotator "NA"]
[PlyCount "70"]
[EventDate "2020.06.29"]
[EventType "swiss (blitz)"]

1. g4 {[%emt 0:00:00]} c6 {[%emt 0:00:00]} 2. Bg2 {[%emt 0:00:01]} d5 {[%emt 0:00:00]} 3. c4 {[%emt 0:00:01]} Bxg4 {[%emt 0:00:02]} 4. cxd5 {[%emt 0:00:00]} Bd7 {[%emt 0:00:01]} 5. Qb3 {[%emt 0:00:00]} Qb6 {[%emt 0:00:02]} 6. Qxb6 {[%emt 0:00:01]} axb6 {[%emt 0:00:00]} 7. Nc3 {[%emt 0:00:00]} Nf6 {[%emt 0:00:02]} 8. d4 {[%emt 0:00:01]} Nxd5 {[%emt 0:00:03]} 9. Nxd5 {[%emt 0:00:01]} cxd5 {[%emt 0:00:00]} 10. Bxd5 {[%emt 0:00:01]} Bc6 {[%emt 0:00:01]} 11. Bf3 {[%emt 0:00:02]} e6 {[%emt 0:00:02]} 12. e4 {[%emt 0:00:01]} Bb4+ {[%emt 0:00:00]} 13. Bd2 {[%emt 0:00:01]} Bxd2+ {[%emt 0:00:00]} 14. Kxd2 {[%emt 0:00:00]} Nd7 {[%emt 0:00:01]} 15. a3 {[%emt 0:00:01]} Nf6 {[%emt 0:00:01]} 16. Kd3 {[%emt 0:00:02]} O-O-O {[%emt 0:00:01]} 17. Ke3 {[%emt 0:00:01]} h5 {[%emt 0:00:03]} 18. Ne2 {[%emt 0:00:02]} Ng4+ {[%emt 0:00:01]} 19. Bxg4 {[%emt 0:00:02]} hxg4 {[%emt 0:00:00]} 20. Rad1 {[%emt 0:00:02]} f5 {[%emt 0:00:01]} 21. Ng3 {[%emt 0:00:03]} g5 {[%emt 0:00:02]} 22. Kd3 {[%emt 0:00:06]} f4 {[%emt 0:00:03]} 23. Ne2 {[%emt 0:00:03]} Rh3+ {[%emt 0:00:03]} 24. Kc2 {[%emt 0:00:08]} Bxe4+ {[%emt 0:00:02]} 25. Kc1 {[%emt 0:00:03]} Bxh1 {[%emt 0:00:01]} 26. Rxh1 {[%emt 0:00:00]} Rdh8 {[%emt 0:00:01]} 27. Re1 {[%emt 0:00:03]} Rxh2 {[%emt 0:00:01]} 28. Nc3 {[%emt 0:00:00]} Rxf2 {[%emt 0:00:01]} 29. Rxe6 {[%emt 0:00:00]} Rhh2 {[%emt 0:00:01]} 30. Rg6 {[%emt 0:00:02]} Rc2+ {[%emt 0:00:01]} 31. Kb1 {[%emt 0:00:01]} Rxb2+ {[%emt 0:00:01]} 32. Kc1 {[%emt 0:00:01]} Rbc2+ {[%emt 0:00:03]} 33. Kd1 {[%emt 0:00:02]} Rxc3 {[%emt 0:00:01]} 34. Rxg5 {[%emt 0:00:00]} Rxa3 {[%emt 0:00:01]} 35. Rxg4 {[%emt 0:00:01]} Ra1# {[%emt 0:00:01] (Lag: Av=0.77s, max=2.6s)} 0-1

[Event "Stay Safe Play From Home 263"]
[Site "Emanuel Lasker Arena"]
[Date "2020.06.29"]
[Round "1"]
[White "Trotsky"]
[Black "BrainThinker22"]
[Result "0-1"]
[WhiteElo "1612"]
[BlackElo "2260"]
[Annotator "NA"]
[PlyCount "60"]
[EventDate "2020.06.29"]
[EventType "swiss (blitz)"]

1. d4 {[%emt 0:00:01]} c6 {[%emt 0:00:01]} 2. e3 {[%emt 0:00:00]} d5 {[%emt 0:00:00]} 3. c4 {[%emt 0:00:01]} Nf6 {[%emt 0:00:00]} 4. Nc3 {[%emt 0:00:01]} Bf5 {[%emt 0:00:01]} 5. c5 {[%emt 0:00:02]} e6 {[%emt 0:00:01]} 6. Bd3 {[%emt 0:00:01]} Bg6 {[%emt 0:00:01]} 7. Qc2 {[%emt 0:00:01]} Be7 {[%emt 0:00:01]} 8. h4 {[%emt 0:00:01]} O-O {[%emt 0:00:01]} 9. Bd2 {[%emt 0:00:01]} Bxd3 {[%emt 0:00:00]} 10. Qxd3 {[%emt 0:00:01]} h6 {[%emt 0:00:00]} 11. Nf3 {[%emt 0:00:01]} Nbd7 {[%emt 0:00:01]} 12. Ng5 {[%emt 0:00:02]} e5 {[%emt 0:00:11]} 13. f3 {[%emt 0:00:03]} e4 {[%emt 0:00:02]} 14. fxe4 {[%emt 0:00:01]} dxe4 {[%emt 0:00:00]} 15. Ncxe4 {[%emt 0:00:01]} Nxe4 {[%emt 0:00:00]} 16. Qxe4 {[%emt 0:00:01]} Bxg5 {[%emt 0:00:01]} 17. hxg5 {[%emt 0:00:01]} Qxg5 {[%emt 0:00:00]} 18. O-O-O {[%emt 0:00:01]} Nf6 {[%emt 0:00:01]} 19. Qd3 {[%emt 0:00:01]} Rae8 {[%emt 0:00:01]} 20. e4 {[%emt 0:00:03]} Qg6 {[%emt 0:00:01]} 21. Rde1 {[%emt 0:00:08]} Rxe4 {[%emt 0:00:02]} 22. Rh2 {[%emt 0:00:07]} Rxe1+ {[%emt 0:00:02]} 23. Kc2 {[%emt 0:00:02]} Qxd3+ {[%emt 0:00:01]} 24. Kxd3 {[%emt 0:00:01]} Re4 {[%emt 0:00:01]} 25. Kc4 {[%emt 0:00:05]} Rd8 {[%emt 0:00:02]} 26. Bc3 {[%emt 0:00:01]} Ng4 {[%emt 0:00:01]} 27. Rh3 {[%emt 0:00:02]} Ne5+ {[%emt 0:00:01]} 28. Kb4 {[%emt 0:00:04]} Rdxd4+ {[%emt 0:00:00]} 29. Bxd4 {[%emt 0:00:02]} Rxd4+ {[%emt 0:00:00]} 30. Kc3 {[%emt 0:00:02]} Rc4+ {[%emt 0:00:00] Âðåìÿ (Lag: Av=0.36s, max=0.6s)} 0-1

[Event "Stay Safe Play From Home 263"]
[Site "Emanuel Lasker Arena"]
[Date "2020.06.29"]
[Round "1"]
[White "Klasman"]
[Black "Jhhonnyy"]
[Result "0-1"]
[WhiteElo "1274"]
[BlackElo "2389"]
[PlyCount "56"]
[EventDate "2020.06.29"]
[EventType "swiss (blitz)"]

1. f4 {[%emt 0:00:02]} g6 {[%emt 0:00:02]} 2. e4 {[%emt 0:00:02]} Bg7 {[%emt 0:00:00]} 3. d4 {[%emt 0:00:01]} d6 {[%emt 0:00:01]} 4. c4 {[%emt 0:00:01]} Nd7 {[%emt 0:00:00]} 5. Nf3 {[%emt 0:00:01]} c5 {[%emt 0:00:01]} 6. d5 {[%emt 0:00:03]} Ngf6 {[%emt 0:00:01]} 7. Nc3 {[%emt 0:00:01]} O-O {[%emt 0:00:00]} 8. Bd3 {[%emt 0:00:01]} Re8 {[%emt 0:00:01]} 9. O-O {[%emt 0:00:01]} e6 {[%emt 0:00:00]} 10. f5 {[%emt 0:00:03]} exd5 {[%emt 0:00:02]} 11. cxd5 {[%emt 0:00:03]} a6 {[%emt 0:00:03]} 12. fxg6 {[%emt 0:00:02]} hxg6 {[%emt 0:00:01]} 13. Bg5 {[%emt 0:00:03]} b5 {[%emt 0:00:02]} 14. Nh4 {[%emt 0:00:03]} Bb7 {[%emt 0:00:01]} 15. Qf3 {[%emt 0:00:02]} c4 {[%emt 0:00:02]} 16. Bc2 {[%emt 0:00:02]} Rf8 {[%emt 0:00:01]} 17. Bxf6 {[%emt 0:00:03]} Qxf6 {[%emt 0:00:02]} 18. Qxf6 {[%emt 0:00:02]} Bxf6 {[%emt 0:00:00]} 19. Nf3 {[%emt 0:00:02]} Rfe8 {[%emt 0:00:01]} 20. g4 {[%emt 0:00:02]} Bg7 {[%emt 0:00:01]} 21. h4 {[%emt 0:00:02]} Nc5 {[%emt 0:00:00]} 22. Kg2 {[%emt 0:00:02]} b4 {[%emt 0:00:04]} 23. Ng5 {[%emt 0:00:05]} bxc3 {[%emt 0:00:01]} 24. bxc3 {[%emt 0:00:03]} Bc8 {[%emt 0:00:04]} 25. Nxf7 {[%emt 0:00:03]} Bxg4 {[%emt 0:00:01]} 26. Nxd6 {[%emt 0:00:01]} Red8 {[%emt 0:00:00]} 27. Nxc4 {[%emt 0:00:03]} Bxc3 {[%emt 0:00:01]} 28. Rab1 {[%emt 0:00:01]} Rab8 {[%emt 0:00:01] Time (Lag: Av=0.41s, max=0.9s)} 0-1

[Event "Stay Safe Play From Home 263"]
[Site "Emanuel Lasker Arena"]
[Date "2020.06.29"]
[Round "2"]
[White "Broken sword"]
[Black "Lamborghini"]
[Result "0-1"]
[WhiteElo "2454"]
[BlackElo "2215"]
[PlyCount "80"]
[EventDate "2020.06.29"]
[EventType "swiss (blitz)"]

1. d4 {[%emt 0:00:01]} Nf6 {[%emt 0:00:05]} 2. Nf3 {[%emt 0:00:00]} g6 {[%emt 0:00:01]} 3. c3 {[%emt 0:00:00]} Bg7 {[%emt 0:00:00]} 4. Bf4 {[%emt 0:00:00]} O-O {[%emt 0:00:00]} 5. e3 {[%emt 0:00:00]} d6 {[%emt 0:00:01]} 6. Nbd2 {[%emt 0:00:00]} Nbd7 {[%emt 0:00:01]} 7. h3 {[%emt 0:00:00]} c5 {[%emt 0:00:00]} 8. Bh2 {[%emt 0:00:00]} b6 {[%emt 0:00:00]} 9. Be2 {[%emt 0:00:01]} a6 {[%emt 0:00:00]} 10. O-O {[%emt 0:00:00]} Bb7 {[%emt 0:00:00]} 11. Ne1 {[%emt 0:00:01]} Rc8 {[%emt 0:00:00]} 12. Bf3 {[%emt 0:00:00]} Bxf3 {[%emt 0:00:01]} 13. Nexf3 {[%emt 0:00:02]} Qc7 {[%emt 0:00:00]} 14. Qe2 {[%emt 0:00:00]} Qb7 {[%emt 0:00:01]} 15. a4 {[%emt 0:00:00]} Rc7 {[%emt 0:00:01]} 16. Rfe1 {[%emt 0:00:00]} Rb8 {[%emt 0:00:01]} 17. Qd3 {[%emt 0:00:00]} b5 {[%emt 0:00:02]} 18. axb5 {[%emt 0:00:00]} Qxb5 {[%emt 0:00:01]} 19. Red1 {[%emt 0:00:00]} Qxd3 {[%emt 0:00:01]} 20. Ne1 {[%emt 0:00:00]} Qb5 {[%emt 0:00:01]} 21. b3 {[%emt 0:00:01]} cxd4 {[%emt 0:00:01]} 22. exd4 {[%emt 0:00:01]} Qb7 {[%emt 0:00:02]} 23. c4 {[%emt 0:00:00]} e5 {[%emt 0:00:02]} 24. d5 {[%emt 0:00:01]} Nc5 {[%emt 0:00:01]} 25. Rdb1 {[%emt 0:00:02]} Nfe4 {[%emt 0:00:01]} 26. Nef3 {[%emt 0:00:02]} Nxd2 {[%emt 0:00:01]} 27. Nxd2 {[%emt 0:00:00]} Nd3 {[%emt 0:00:01]} 28. Ra4 {[%emt 0:00:02]} a5 {[%emt 0:00:01]} 29. Bg3 {[%emt 0:00:02]} Qb6 {[%emt 0:00:01]} 30. Ne4 {[%emt 0:00:01]} Nc5 {[%emt 0:00:01]} 31. Nxc5 {[%emt 0:00:02]} Qxc5 {[%emt 0:00:00]} 32. Kh2 {[%emt 0:00:01]} f5 {[%emt 0:00:01]} 33. f3 {[%emt 0:00:01]} e4 {[%emt 0:00:01]} 34. fxe4 {[%emt 0:00:01]} fxe4 {[%emt 0:00:00]} 35. Re1 {[%emt 0:00:01]} e3 {[%emt 0:00:01]} 36. Bf4 {[%emt 0:00:01]} Be5 {[%emt 0:00:01]} 37. Bxe5 {[%emt 0:00:01]} dxe5 {[%emt 0:00:00]} 38. Ra2 {[%emt 0:00:01]} Rxb3 {[%emt 0:00:02]} 39. Rae2 {[%emt 0:00:00]} Qxc4 {[%emt 0:00:01]} 40. Kg3 {[%emt 0:00:00]} Qf4# {[%emt 0:00:01] (Lag: Av=0.22s, max=0.3s)} 0-1